000 00293nam a22001217a 4500
008 170713b xxu||||| |||| 00| 0 eng d
041 _aeng
080 _a1(091)
100 _a24
101 _aFIL;
245 _aHEGELES LECTURE THE HISTORY OF PHILOSOPHY
_cMALDAne.e.k
942 _2udc
_cBK
999 _c20623
_d20623